|
|
|
|
| LEADER |
01662nam a2200421Ia 4500 |
| 001 |
EBC459376 |
| 003 |
MiAaPQ |
| 005 |
20200520144314.0 |
| 006 |
m o d | |
| 007 |
cr cn||||||||| |
| 008 |
061019s2006 dcu sb i000 0 eng d |
| 010 |
|
|
|z 2006034735
|
| 020 |
|
|
|z 9780821368473
|
| 020 |
|
|
|z 0821368478
|
| 020 |
|
|
|a 0821368486 (electronic bk.)
|
| 035 |
|
|
|a (MiAaPQ)EBC459376
|
| 035 |
|
|
|a (Au-PeEL)EBL459376
|
| 035 |
|
|
|a (CaPaEBR)ebr10155145
|
| 035 |
|
|
|a (CaONFJC)MIL72562
|
| 035 |
|
|
|a (OCoLC)935270783
|
| 040 |
|
|
|a MiAaPQ
|c MiAaPQ
|d MiAaPQ
|
| 050 |
|
4 |
|a HG3881.5.W57
|b C37 2006
|
| 082 |
0 |
4 |
|a 332.1/532
|2 22
|
| 100 |
1 |
|
|a Carvalho, Soniya.
|
| 245 |
1 |
0 |
|a Engaging with fragile states
|h [electronic resource] :
|b an IEG review of World Bank support to low-income countries under stress /
|c author, Soniya Carvalho.
|
| 246 |
3 |
0 |
|a IEG review of World Bank support to low-income countries under stress
|
| 260 |
|
|
|a Washington, DC :
|b World Bank,
|c 2006.
|
| 300 |
|
|
|a lxx, 184 p.
|
| 490 |
0 |
|
|a Independent Evaluation Group Study series
|
| 504 |
|
|
|a Includes bibliographical references.
|
| 533 |
|
|
|a Electronic reproduction. Ann Arbor, MI : ProQuest, 2015. Available via World Wide Web. Access may be limited to ProQuest affiliated libraries.
|
| 610 |
2 |
0 |
|a World Bank
|x Evaluation.
|
| 650 |
|
0 |
|a Economic development projects
|x Evaluation.
|
| 650 |
|
0 |
|a Economic assistance
|z Developing countries
|x Evaluation.
|
| 655 |
|
4 |
|a Electronic books.
|
| 710 |
2 |
|
|a World Bank.
|b Independent Evaluation Group.
|
| 710 |
2 |
|
|a ProQuest (Firm)
|
| 856 |
4 |
0 |
|u https://ebookcentral.proquest.com/lib/matrademy/detail.action?docID=459376
|z Click to View
|